000 00389nam a2200157Ia 4500
003 Ost
005 20260225132539.0
008 260225s9999||||xx |||||||||||||| ||und||
040 _cfsic
041 _afre
082 _a355
100 _aJean Louis dufour/Maurice vaisse
_eAuteur
245 0 _aLa guerre au XXé siécle /
245 0 _cJean Louis dufour/Maurice vaisse
942 _cكتاب
999 _c33379
_d33379